<?xml version="1.0" encoding="UTF-8"?>
<record
    xmlns:xsi="http://www.w3.org/2001/XMLSchema-instance"
    xsi:schemaLocation="http://www.loc.gov/MARC21/slim http://www.loc.gov/standards/marcxml/schema/MARC21slim.xsd"
    xmlns="http://www.loc.gov/MARC21/slim">

  <leader>00549nam a22001937a 4500</leader>
  <controlfield tag="001"> 86411</controlfield>
  <controlfield tag="003">BD-RjUL</controlfield>
  <controlfield tag="005">20260503121518.0</controlfield>
  <controlfield tag="008">260503s1968    pk ||||| |||| 00| 0 urd d</controlfield>
  <datafield tag="035" ind1=" " ind2=" ">
    <subfield code="a">(BD-RjUL) 86411</subfield>
  </datafield>
  <datafield tag="040" ind1=" " ind2=" ">
    <subfield code="a">BD-RjUL</subfield>
    <subfield code="b">eng</subfield>
    <subfield code="c">BD-RjUL</subfield>
  </datafield>
  <datafield tag="041" ind1=" " ind2=" ">
    <subfield code="a">urd</subfield>
  </datafield>
  <datafield tag="082" ind1=" " ind2=" ">
    <subfield code="2">23</subfield>
    <subfield code="a">297.09</subfield>
    <subfield code="b">SHJ 1968</subfield>
  </datafield>
  <datafield tag="100" ind1=" " ind2=" ">
    <subfield code="a">&#x634;&#x6C1;&#x6CC;&#x62F;&#x60C; &#x633;&#x6CC;&#x62F; &#x642;&#x637;&#x628; ;; Shaheed, Syed Qutb</subfield>
    <subfield code="9">18287</subfield>
  </datafield>
  <datafield tag="245" ind1=" " ind2=" ">
    <subfield code="a">&#x62C;&#x627;&#x62F;&#x6C1; &#x648;&#x645;&#x646;&#x632;&#x644; ;jadah wamazil /</subfield>
    <subfield code="c">&#x633;&#x6CC;&#x62F; &#x642;&#x637;&#x628; &#x634;&#x6C1;&#x6CC;&#x62F; ;; Syed Qutb Shaheed</subfield>
  </datafield>
  <datafield tag="300" ind1=" " ind2=" ">
    <subfield code="a">435 p. ;</subfield>
    <subfield code="c">17 cm</subfield>
  </datafield>
  <datafield tag="650" ind1=" " ind2=" ">
    <subfield code="a">Islam</subfield>
  </datafield>
  <datafield tag="942" ind1=" " ind2=" ">
    <subfield code="2">ddc</subfield>
    <subfield code="c">BK</subfield>
  </datafield>
  <datafield tag="999" ind1=" " ind2=" ">
    <subfield code="c">86411</subfield>
    <subfield code="d">86411</subfield>
  </datafield>
  <datafield tag="952" ind1=" " ind2=" ">
    <subfield code="0">0</subfield>
    <subfield code="1">0</subfield>
    <subfield code="2">ddc</subfield>
    <subfield code="4">0</subfield>
    <subfield code="7">1</subfield>
    <subfield code="8">NFIC</subfield>
    <subfield code="a">RUCL</subfield>
    <subfield code="b">RUCL</subfield>
    <subfield code="c">Reading</subfield>
    <subfield code="d">2026-05-03</subfield>
    <subfield code="l">0</subfield>
    <subfield code="o">U 297.09 SHJ 1968</subfield>
    <subfield code="r">2026-05-03 12:14:07</subfield>
    <subfield code="t">C-1</subfield>
    <subfield code="w">2026-05-03</subfield>
    <subfield code="y">BK</subfield>
  </datafield>
</record>
